000 00897cab a22002055a 4500
001 L147688
008 090604e20090523stko f 000 0 eng d
035 _a(Sirsi) u147688
041 0 _aeng
100 1 _aQuinn, David
245 0 0 _aFocus West Scotland
260 _c2009
490 _aEstates Gazette
_v(0920) 23 May 2009, 67-77(9)
520 _aIncludes a case study on the Maxim development at Eurocentral in Lanarkshire, reviews the Glasgow office, retail and industrial markets. Compares Prime Zone A retails rents in Glasgow and surrounding districts. The Glasgow Sentiment Survey reveals that whilst most respondents expect no market improvement during the next six months some signs of optimism are emerging. Graphs.
590 _aKA
651 4 _aScotland
_y1999-
690 _aPROPERTY-COMMERCIAL PROPERTY-COMMERCIAL PROPERTY MARKET
700 1 _aMorrison, Adrian
942 _n0
999 _c81611
_d81611